|
|
|
|
| LEADER |
01499nam a2200337 a 4500 |
| 001 |
16476774 |
| 003 |
BD-DhAAL |
| 005 |
20260513172017.0 |
| 008 |
101020s2011 caua 001 0 eng d |
| 010 |
|
|
|a 2010485288
|
| 020 |
|
|
|a 0321673875
|
| 020 |
|
|
|a 9780321673879
|
| 020 |
|
|
|a 9780321651334 (pbk.)
|
| 020 |
|
|
|a 03216511332
|
| 040 |
|
|
|a DLC
|c DLC
|d DLC
|d BD-DhAAL
|
| 082 |
0 |
0 |
|a 579.078
|2 22
|
| 100 |
1 |
|
|a Cappuccino, James G.
|9 60732
|
| 245 |
1 |
0 |
|a Microbiology :
|b a laboratory manual /
|c James G. Cappuccino, Natalie Sherman.
|
| 250 |
|
|
|a Ninth edition.
|
| 260 |
|
|
|a San Francisco :
|b Pearson/Benjamin Cummings,
|c c2011.
|
| 300 |
|
|
|a xvi, 544 pages :
|b ill. (some col.) ;
|c 27 cm.
|
| 500 |
|
|
|a Includes index.
|
| 541 |
|
|
|e 00021365
|
| 650 |
|
0 |
|a Microbiology
|v Laboratory manuals.
|9 60733
|
| 700 |
1 |
|
|a Sherman, Natalie.
|9 60734
|
| 852 |
4 |
|
|a Ayesha Abed Library
|j General shelf
|
| 942 |
0 |
0 |
|0 1
|2 ddc
|c BK
|
| 999 |
|
|
|c 9837
|d 9837
|
| 952 |
|
|
|0 0
|1 0
|2 ddc
|4 0
|6 579_078000000000000_CAP_2011
|7 0
|9 12598
|a BRACUL
|b BRACUL
|c GEN
|d 2010-10-20
|l 47
|m 188
|o 579.078 CAP
|p 3010021365
|q 2026-06-02
|r 2026-05-18
|s 2026-05-18
|t 1
|w 2010-10-20
|y BK
|
| 952 |
|
|
|0 0
|1 0
|2 ddc
|4 0
|6 579_078000000000000_CAP_2011
|7 0
|9 12599
|a BRACUL
|b BRACUL
|c GEN
|d 2010-10-20
|l 47
|m 287
|o 579.078 CAP
|p 3010021366
|q 2026-06-02
|r 2025-10-12
|s 2025-10-12
|t 2
|w 2010-10-20
|y BK
|
| 952 |
|
|
|0 0
|1 0
|2 ddc
|4 0
|6 579_078000000000000_CAP_2011
|7 0
|9 12600
|a BRACUL
|b BRACUL
|c GEN
|d 2010-10-20
|l 46
|m 243
|o 579.078 CAP
|p 3010021367
|q 2026-06-02
|r 2026-03-05
|s 2026-03-05
|t 3
|w 2010-10-20
|y BK
|